Music Quiz

Random Music or Bands Quiz

Bands By Initials Quiz Stats

 Plays Quiz Updated Feb 16, 2019

Support Sporcle.
Go Orange.
Score 0/24 Timer 07:00
2 Plays Today
Acronym Band % Correct
NINNine Inch Nails
78.6%
RHCPRed Hot Chili Peppers
71.7%
GNRGuns N' Roses
65.3%
CCRCreedence Clearwater Revival
63.2%
ELOElectric Light Orchestra
56.7%
NKOTBNew Kids on the Block
55.3%
RATMRage Against the Machine
55.2%
QOTSAQueens of the Stone Age
55.2%
DMBDave Matthews Band
53.6%
STPStone Temple Pilots
46%
BNLBarenaked Ladies
44.2%
ICPInsane Clown Posse
40.4%
Acronym Band % Correct
CSN(Y)Crosby Stills and Nash (and Young)
35.8%
BEPBlack Eyed Peas
35.5%
BTOBachman-Turner Overdrive
30.3%
OAROf a Revolution
22.5%
FYCFine Young Cannibals
20.8%
DC5Dave Clark Five
13.2%
AWBAverage White Band
12.7%
BOCBlue Öyster Cult
11.1%
OMDOrchestral Manoeuvres in the Dark
9.6%
TSOTrans-Siberian Orchestra
9.4%
BBDBell Biv DeVoe
7.6%
MC5Motor City 5
6.3%

You're not logged in!

Compare scores with friends on all Sporcle quizzes.
OR
Log In

From the Vault

Films That Are Full of Themselves

by MrChewypoo

As if being on the big screen wasn't enough of a rush, these movies go by lofty names, too!
Remove Ads.
Support Sporcle.
Get the best of Sporcle when you Go Orange. This ad-free experience offers more features, more stats, and more fun while also helping to support Sporcle. Thank you for becoming a member.

Show Comments

Extras

Top Quizzes Today


Score Distribution

Your Account Isn't Verified!

In order to create a playlist on Sporcle, you need to verify the email address you used during registration. Go to your Sporcle Settings to finish the process.

Report this User

Report this user for behavior that violates our Community Guidelines.

Details: